000 00490nam a2200181Ia 4500
008 151018s9999 xx 000 0 und d
082 _bRBASDV10520
_a891.463
100 _aना ह आपटे
245 _aभुरळ
250 _b1
260 _bहिंदुस्थान साहित्य
_c1970
300 _a112
600 _aना ह आपटे
630 _aभुरळ
700 _aना ह आपटे
730 _aभुरळ
942 _cBOOK
999 _c1012879
_d1012876